000 00692nam a2200277Ia 4500
005 20260324113855.0
008 008 260324s9999 xx 000 0 eng d
020 _a9781003408253
037 _aEBOOK
040 _aCRL
040 _beng
040 _cCRL
041 _2eng
041 _aeng
084 _qCRL
100 _aDebajyoti Mukhopadhyay; Archana Chougule; Sheetal Vij
_91148517
245 0 _aDecision Support System and Automated Negotiations
260 _bTaylor and Francis
260 _c2023
365 _a
365 _b210
856 _uhttp://www.taylorfrancis.com/books/9781003408253
942 _cEBOOK
999 _c1738395
_d1738395